01869cas a2200433 a 45000010009000000050017000090080041000260100017000670220014000840350024000980370134001220400058002560420013003140430012003270500017003390820011003562100026003672220038003932450039004312600057004703000036005273100032005633210039005953210037006343210028006713620037006995000053007365000099007895000061008885500080009495900032010296500041010617100040011022700101011429060045012439420028012889990017013169520102013331114375220040506050232.0770809c19399999ii qrzp 0 a0eng d a 49000098  a0019-5006 a(OCoLC)ocm03173499  bEditor, Indian Journal of Adult Education, Indian Adult Education Association (IAEA), 17-B, Indraprastha Estate, New Delhi-110002 aFMFIUcFMFIUdNICdMnMULSdAIPdDLCdNSDPdOCoLCdDLC alcansdp aa-ii--- aLC5201b.I55 a374.05 aIndian j. adult educ. aIndian journal of adult education aIndian journal of adult education. aNew DelhibIndian Adult Education Associationc2009- av. :bill., ports. ;c25-28 cm. aQuarterly,bApr.-June 2003- aQuarterlyb amonthlyb aBimonthly,b1939-<19 > aBegan with: issue for Dec. 1939. aDescription based on: Vol. 1, no. 2 (Feb. 1940). aImprint varies: New Delhi : Indian Adult Education Association Association, . aLatest issue consulted: Vol. 64, no. 2 (Apr.-June 2003). aOfficial organ of the Indian Adult Education Association, <1940>-Apr. 1942. aSERBIB/SERLOC merged record aAdult educationzIndiavPeriodicals. aIndian Adult Education Association. a17-B, Indraprastha EstatebNew Delhie110002k23379282, 23378436l23378206miaea_india@yahoo.com a7bcbccserialsduencipf19gn-oclcserc 2ddccSRh374.05mINDs1 c25851d25851 00102ddc40718NFICaDBADbDBADd2009-04-23l0o374.05 INDr2009-04-23 00:00:00w2009-04-23ySR